[Event "HUN-ch U20"]
[Site "Szolnok"]
[Date "2024.04.06"]
[Round "9"]
[White "Bodrogi, Bendeguz"]
[Black "Szabo, Marton Nandor"]
[Result "1-0"]
[WhiteElo "2316"]
[BlackElo "1957"]
[PlyCount "85"]
[EventDate "2024.03.31"]
[EventType "swiss"]
[EventRounds "9"]
[EventCountry "HUN"]
[SourceTitle "CBM 219 Extra"]
[Source "ChessBase"]
[SourceDate "2024.05.31"]
[SourceVersion "1"]
[SourceVersionDate "2024.05.31"]
[SourceQuality "1"]

1. Nf3 Nf6 2. g3 g6 3. b3 c5 4. c4 Bg7 5. Bb2 d6 6. Bg2 e5 7. Nc3 0-0 8. 0-0 Nc6 9. d3 Ne8 10. a3 a5 11. Ne1 Nc7 12. Nc2 Rb8 13. Na4 Ne6 14. Qd2 Bd7 15. b4 axb4 16. axb4 b5 17. cxb5 Rxb5 18. bxc5 Nxc5 19. Nxc5 Rxb2 20. Nxd7 Qxd7 21. Qc3 Rb6 22. Rab1 Rxb1 23. Rxb1 e4 24. d4 Rc8 25. Qd2 f5 26. e3 Qf7 27. Na3 Ra8 28. Nb5 Rb8 29. Bf1 Qd7 30. Qa2+ Kh8 31. Qa6 Na7 32. Qa5 Nc6 33. Qa2 h5 34. Nc3 Rxb1 35. Qxb1 Ne7 36. Qb6 g5 37. Bb5 Qc8 38. Qxd6 Qxc3 39. Qxe7 f4 40. Qxg5 f3 41. Qxh5+ Kg8 42. Qe8+ Bf8 43. Qxe4 1-0

[Event "HUN-chT U18"]
[Site "Budapest"]
[Date "2022.11.02"]
[Round "4.4"]
[White "Szalay Ocsak, Bank"]
[Black "Szabo, Marton Nandor"]
[Result "1-0"]
[WhiteElo "2097"]
[BlackElo "2112"]
[PlyCount "109"]
[EventDate "2022.10.31"]
[EventType "team-swiss"]
[EventRounds "7"]
[EventCountry "HUN"]
[SourceTitle "CBM 211 Extra"]
[Source "ChessBase"]
[SourceDate "2023.01.31"]
[SourceVersion "1"]
[SourceVersionDate "2023.01.31"]
[SourceQuality "1"]
[WhiteTeam "Budapest MTK"]
[BlackTeam "Kobanya Aquarena"]
[WhiteTeamCountry "HUN"]
[BlackTeamCountry "HUN"]

1. e4 c5 2. Nf3 d6 3. d4 cxd4 4. Nxd4 Nf6 5. Nc3 g6 6. Be3 Bg7 7. f3 Nc6 8. Qd2 0-0 9. 0-0-0 d5 10. exd5 Nxd5 11. Nxc6 bxc6 12. Bd4 Nxc3 13. Qxc3 Bh6+ 14. Be3 Bxe3+ 15. Qxe3 Qb6 16. Qc3 Be6 17. Bc4 Bxc4 18. Qxc4 Rab8 19. Qc3 Rfd8 20. b3 Qc7 21. g3 a5 22. a4 c5 23. Rxd8+ Rxd8 24. Rd1 Rxd1+ 25. Kxd1 Qb6 26. Qe3 Qc6 27. Qe4 Qd7+ 28. Kc1 Qc7 29. f4 e6 30. Kb2 Qb6 31. g4 h6 32. h4 Kf8 33. h5 gxh5 34. gxh5 Qc7 35. Kc3 Qb6 36. Qe5 Ke7 37. Kd3 Qd6+ 38. Kc4 Qa6+ 39. Kxc5 Qc8+ 40. Kb6 Qxc2 41. Qb5 Qc3 42. Qc5+ Qxc5+ 43. Kxc5 f6 44. b4 axb4 45. Kxb4 Kd6 46. Kc4 Kc6 47. a5 e5 48. fxe5 fxe5 49. a6 Kb6 50. Kd5 Kxa6 51. Kxe5 Kb6 52. Kf6 Kc6 53. Kg6 Kd7 54. Kxh6 Ke8 55. Kg7 1-0

[Event "HUN-chT1 Maroczy 2122"]
[Site "Hungary"]
[Date "2022.02.13"]
[Round "8.9"]
[White "Szabo, Marton Nandor"]
[Black "Varga, Marcell"]
[Result "0-1"]
[WhiteElo "1945"]
[BlackElo "2169"]
[PlyCount "56"]
[EventDate "2021.10.10"]
[EventType "team-tourn"]
[EventRounds "11"]
[EventCountry "HUN"]
[SourceTitle "EXT 2025"]
[Source "ChessBase"]
[SourceDate "2024.10.14"]
[SourceVersion "1"]
[SourceVersionDate "2024.10.14"]
[SourceQuality "1"]
[WhiteTeam "Aquarena Kobanya II"]
[BlackTeam "Nyiregyhaza VSC"]
[WhiteTeamCountry "HUN"]
[BlackTeamCountry "HUN"]

1. d4 Nf6 2. c4 e6 3. Nc3 d5 4. cxd5 exd5 5. Bg5 Nbd7 6. e3 c6 7. Bd3 Be7 8. Qc2 0-0 9. Nf3 Re8 10. 0-0 h6 11. Bh4 Ne4 12. Bxe7 Qxe7 13. b4 Ndf6 14. b5 c5 15. dxc5 Nxc5 16. Rac1 Nce4 17. Nd4 Bd7 18. Qb3 Nd2 19. Nxd5 Nxd5 20. Qxd5 Nxf1 21. Kxf1 Rac8 22. Rxc8 Bxc8 23. Qb3 Be6 24. Qa4 Rc8 25. Qxa7 Bd5 26. Ke2 Qb4 27. Nb3 Qg4+ 28. Kd2 Qxg2 0-1

[Event "HUN-chT1 Maroczy 2122"]
[Site "Hungary"]
[Date "2021.11.07"]
[Round "3.11"]
[White "Magyar, Otto"]
[Black "Szabo, Marton Nandor"]
[Result "0-1"]
[WhiteElo "1985"]
[BlackElo "1864"]
[PlyCount "52"]
[EventDate "2021.10.10"]
[EventType "team-tourn"]
[EventRounds "11"]
[EventCountry "HUN"]
[SourceTitle "EXT 2025"]
[Source "ChessBase"]
[SourceDate "2024.10.14"]
[SourceVersion "1"]
[SourceVersionDate "2024.10.14"]
[SourceQuality "1"]
[WhiteTeam "Morihana II"]
[BlackTeam "Aquarena Kobanya II"]
[WhiteTeamCountry "HUN"]
[BlackTeamCountry "HUN"]

1. e4 b6 2. d4 Bb7 3. Bd3 e6 4. Nf3 c5 5. c4 cxd4 6. Nxd4 Nc6 7. Nxc6 Bxc6 8. 0-0 d6 9. Nc3 Be7 10. Qe2 Nf6 11. Bg5 0-0 12. Rae1 h6 13. Bd2 Qc7 14. f4 Rfe8 15. Qf3 Rad8 16. Kh1 Qb7 17. Qh3 Nd7 18. b4 Qa8 19. a4 a5 20. b5 Bb7 21. Be3 Bf6 22. Rc1 Bxc3 23. Rxc3 Bxe4 24. Be2 Nc5 25. Ra1 Bf5 26. Bf3 Bxh3 0-1

[Event "HUN-chT U18"]
[Site "Budapest"]
[Date "2021.10.26"]
[Round "4.17"]
[White "Somogyi, Barbara"]
[Black "Szabo, Marton Nandor"]
[Result "1/2-1/2"]
[WhiteElo "1736"]
[BlackElo "1845"]
[PlyCount "106"]
[EventDate "2021.10.24"]
[EventType "team-tourn"]
[EventRounds "7"]
[EventCountry "HUN"]
[SourceTitle "CBM 205 Extra"]
[Source "ChessBase"]
[SourceDate "2022.01.31"]
[SourceVersion "1"]
[SourceVersionDate "2022.01.31"]
[SourceQuality "1"]

1. e4 c5 2. Nf3 b6 3. d4 cxd4 4. Nxd4 Bb7 5. Nc3 d6 6. Bc4 Nf6 7. f3 Nbd7 8. Be3 a6 9. a3 b5 10. Ba2 Rc8 11. Qd2 Ne5 12. Rd1 Nc4 13. Bxc4 Rxc4 14. Nf5 Bc8 15. Ng3 Qc7 16. Bd4 e5 17. Bf2 Be7 18. 0-0 0-0 19. Qe3 Be6 20. Rfe1 Rc8 21. Nge2 Rd8 22. Rd3 h6 23. Red1 Rc6 24. Nc1 Nd7 25. Qe1 Nb6 26. Bxb6 Qxb6+ 27. Qf2 Qxf2+ 28. Kxf2 Bc4 29. Re3 Bg5 30. Ree1 a5 31. N3e2 Kf8 32. g3 h5 33. c3 Ke7 34. h3 Rb8 35. h4 Bh6 36. f4 f6 37. Nd3 Bb3 38. Rc1 Rd8 39. Kf3 d5 40. exd5 Rxd5 41. Nf2 Rd2 42. Nd4 Bd5+ 43. Ke3 Rxb2 44. Nxc6+ Bxc6 45. Nd3 Rb3 46. Ra1 Rxc3 47. Rec1 Rxc1 48. Rxc1 Kd6 49. Nc5 g5 50. fxg5 fxg5 51. Ne4+ Bxe4 52. Kxe4 gxh4 53. Rd1+ Kc5 1/2-1/2

[Event "HUN-chT 1920"]
[Site "Hungary"]
[Date "2019.12.15"]
[Round "4.12"]
[White "Szabo, Marton Nandor"]
[Black "Markos, Adam"]
[Result "0-1"]
[WhiteElo "1732"]
[BlackElo "2217"]
[PlyCount "66"]
[EventDate "2019.11.16"]
[EventType "team-tourn"]
[EventRounds "9"]
[EventCountry "HUN"]
[SourceTitle "CBM 193 Extra"]
[Source "ChessBase"]
[SourceDate "2020.01.31"]
[SourceVersion "1"]
[SourceVersionDate "2020.01.31"]
[SourceQuality "1"]
[WhiteTeam "Kobanya Aquarena"]
[BlackTeam "Dunaharaszti"]
[WhiteTeamCountry "HUN"]
[BlackTeamCountry "HUN"]

1. d4 Nf6 2. c4 e6 3. Nc3 Bb4 4. Nf3 b6 5. g3 Bb7 6. Bg2 0-0 7. 0-0 Bxc3 8. bxc3 d6 9. Qb3 Qe7 10. c5 Nc6 11. cxd6 cxd6 12. Re1 Na5 13. Qd1 Ne4 14. Qd3 Rac8 15. Bd2 Nc4 16. Rac1 Qf6 17. Bg5 Qf5 18. Be3 d5 19. Nh4 Qf6 20. f3 Ned6 21. Bf1 Rc7 22. Bf4 g5 23. Bxd6 Nxd6 24. Ng2 Qg6 25. Ne3 Rfc8 26. Red1 Qxd3 27. Rxd3 Ba6 28. c4 Bxc4 29. Nxc4 Rxc4 30. Rxc4 Rxc4 31. e3 Rc1 32. Ra3 Nc4 33. Rd3 Ra1 0-1

[Event "HUN-ch U12"]
[Site "Balatonlelle"]
[Date "2019.06.28"]
[Round "9"]
[White "Puskas, Mihaly"]
[Black "Szabo, Marton Nandor"]
[Result "0-1"]
[WhiteElo "1458"]
[BlackElo "1665"]
[PlyCount "66"]
[EventDate "2019.06.21"]
[EventType "swiss"]
[EventRounds "9"]
[EventCountry "HUN"]
[SourceTitle "CBM 191 Extra"]
[Source "ChessBase"]
[SourceDate "2019.09.30"]
[SourceVersion "1"]
[SourceVersionDate "2019.09.30"]
[SourceQuality "1"]

1. e4 c5 2. Nf3 d6 3. d4 cxd4 4. Nxd4 Nf6 5. Nc3 a6 6. Be3 Nbd7 7. Bd3 b5 8. a3 Bb7 9. b4 Rc8 10. Nde2 g6 11. 0-0 Bg7 12. Bd4 0-0 13. f4 e5 14. Be3 Ng4 15. Qd2 Nxe3 16. Qxe3 exf4 17. Qd2 Qc7 18. Na2 Bxa1 19. Rxa1 Qb6+ 20. Kh1 Qe3 21. Qxe3 fxe3 22. Nac3 Ne5 23. Nd1 d5 24. exd5 Bxd5 25. Nxe3 Bc4 26. Bxc4 Nxc4 27. Nd5 Kg7 28. Nec3 Ne3 29. Nxe3 Rxc3 30. Re1 Rxa3 31. h3 Re8 32. Nf5+ Kf8 33. Rxe8+ Kxe8 0-1

[Event "HUN-ch U12"]
[Site "Balatonlelle"]
[Date "2019.06.22"]
[Round "2"]
[White "Szabo, Marton Nandor"]
[Black "Palczert, Matyas"]
[Result "0-1"]
[WhiteElo "1665"]
[BlackElo "2007"]
[PlyCount "62"]
[EventDate "2019.06.21"]
[EventType "swiss"]
[EventRounds "9"]
[EventCountry "HUN"]
[SourceTitle "CBM 191 Extra"]
[Source "ChessBase"]
[SourceDate "2019.09.30"]
[SourceVersion "1"]
[SourceVersionDate "2019.09.30"]
[SourceQuality "1"]

1. Nf3 Nf6 2. c4 e6 3. g3 d5 4. d4 Be7 5. Bg2 0-0 6. 0-0 dxc4 7. Qc2 a6 8. Qxc4 b5 9. Qc2 Bb7 10. Bg5 Nbd7 11. Bxf6 Nxf6 12. Nbd2 Rc8 13. Nb3 Be4 14. Qc1 Bd5 15. Ne5 Bxg2 16. Kxg2 Qd5+ 17. Nf3 Ne4 18. Rd1 g5 19. Kg1 g4 20. Ne5 Ng5 21. Qc6 Qxc6 22. Nxc6 Bd6 23. Nc5 f5 24. Nxa6 f4 25. Nc5 fxg3 26. fxg3 Nh3+ 27. Kg2 Rf2+ 28. Kh1 Rcf8 29. Nxe6 Rxh2+ 30. Kxh2 Rf2+ 31. Kh1 Bxg3 0-1

[Event "Budapest-chT1 Lilienthal 1718"]
[Site "Budapest"]
[Date "2018.01.14"]
[Round "6"]
[White "Szabo, Emese"]
[Black "Szabo, Marton Nandor"]
[Result "0-1"]
[WhiteElo "1163"]
[BlackElo "1341"]
[PlyCount "76"]
[EventDate "2017.10.01"]
[EventType "team-tourn"]
[EventRounds "13"]
[EventCountry "HUN"]
[SourceTitle "EXT 2021"]
[Source "ChessBase"]
[SourceDate "2020.10.23"]
[SourceVersion "1"]
[SourceVersionDate "2020.10.23"]
[SourceQuality "1"]
[WhiteTeam "Palota Sakk"]
[BlackTeam "Aquarena III"]
[WhiteTeamCountry "HUN"]
[BlackTeamCountry "HUN"]

1. d4 d5 2. c4 e6 3. Nc3 Nf6 4. Nf3 Bb4 5. Qb3 Bxc3+ 6. Qxc3 b6 7. Bg5 Bb7 8. e3 Nbd7 9. Bd3 h6 10. Bh4 c6 11. 0-0 c5 12. Rac1 dxc4 13. Be2 cxd4 14. exd4 Rc8 15. Rfd1 0-0 16. Ne5 Nxe5 17. dxe5 Nd5 18. Bxd8 Nxc3 19. Rxc3 Rfxd8 20. Rdc1 b5 21. Bd1 Rd2 22. Bc2 b4 23. Re3 b3 24. Bb1 Rxb2 25. axb3 cxb3 26. Rd1 Bd5 27. h3 a5 28. Ree1 a4 29. Rc1 Rxc1 30. Rxc1 g6 31. g4 Rxb1 32. Rxb1 a3 33. Rc1 b2 34. Rc8+ Kg7 35. Rb8 a2 36. Kh2 a1Q 37. Kg3 Qg1+ 38. Kh4 Qxf2# 0-1